000 00571nam a2200169Ia 4500
003 IN-BaIIA
008 211028s9999 xx s 000 0 eng d
020 _a9781628416886 (Print)
040 _cIIA Library
100 _aRemondino, Fabio, ed.
_948583
245 0 _aVideometrics, Range Imaging, and Applications XIII
_h[eBook]
260 _aWashington, USA
_bSPIE
_c2015
300 _aOnline resource
490 _aProceedings of SPIE; V. 9528
856 _uhttps://www.spiedigitallibrary.org/conference-proceedings-of-spie/9528
_yClick Here to Access eBook
942 _cEB
999 _c33616
_d33616